000 00484nam a2200169Ia 4500
001 14646
003 GE_BSU
008 181216s||||||||xx |||||||||||||| ||und||
040 _cGE_BSU
245 _aВопросы языкознания, №6. Ноябрь-Декабрь. 2014.
245 _cгл.ред.Т.М.Николаева и др.
260 _aМосква
260 _c2014
300 _a160стр.24см.
653 _aВопросы языкознания
942 _cCR
999 _c47772
_d47772